| 000 | 00381nam a22001457a 4500 | ||
|---|---|---|---|
| 020 | _a9780852652398 | ||
| 082 | _a323.445 LEI | ||
| 100 | _aLeigh, David | ||
| 245 | _a Wikileaks : inside Julian Assanges war on secrecy | ||
| 260 |
_aGreat Britain _bGuardian Books _c2011 |
||
| 300 |
_axi, 340p. : _e22 cm |
||
| 650 | _aFreedom of information | ||
| 700 | _a David Leigh | ||
| 942 | _cBK | ||
| 999 |
_c11563 _d11563 |
||